Los Retos de una sociedad que envejece /

保存先:
書誌詳細
第一著者: Ocampo, José Antonio
フォーマット: テキスト
主題:
タグ: タグ追加
タグなし, このレコードへの初めてのタグを付けませんか!

MARC

LEADER 00000 a a2200000 04500
001 10295
003
040
100 |a Ocampo, José Antonio  
245 |a Los Retos de una sociedad que envejece /  |c José Antonio Ocampo 
650 |a COMPOSICION DE LA POBLACION  
773 |g número 6; páginas 2-3  
999 |c 19577  |d 19577